Geometry Dash Top 15 - Statistics

General Stats
  • This quiz has been taken 165 times
  • The average score is 12 of 15
Answer Stats
Hint Answer % Correct
Cuatrocientos Flamewall
95%
Zoink Tidal Wave
94%
WPopoff Amethyst
92%
Zoink Orbit
90%
Mindcap Every End
87%
Zoink Thinking Space II
87%
Zoink Nullscapes
82%
Eastshark Boobawamba
81%
Paqoe Silent Clubstep
79%
Whizkid05 Anathema
73%
Taiago Andromeda
72%
Cursed Subsuming Vortex
69%
Zoink Quanteuse Processing
67%
Zoink Avernus
63%
Zoink Ashley Wave Trials
58%
No matching quizzes found
Score Distribution
Percent of People with Each Score
Percentile by Number Answered
Your Score History
You have not taken this quiz